[Event "GER-chT Lands U20"]
[Site "Berlin"]
[Date "2020.09.30"]
[Round "1.4"]
[White "Kadach, Maria"]
[Black "Haubold, Sebastian Marcel"]
[Result "0-1"]
[WhiteElo "1539"]
[BlackElo "1769"]
[PlyCount "94"]
[EventDate "2020.09.29"]
[EventType "team-swiss"]
[EventRounds "7"]
[EventCountry "GER"]
[SourceTitle "CBM 198 Extra"]
[Source "ChessBase"]
[SourceDate "2020.11.30"]
[SourceVersion "1"]
[SourceVersionDate "2020.11.30"]
[SourceQuality "1"]
[WhiteTeam "Wuerttemberg U20"]
[BlackTeam "Sachsen Anhalt U20"]
[WhiteTeamCountry "GER"]
[BlackTeamCountry "GER"]

1. d4 Nf6 2. Bf4 g6 3. Nc3 c5 4. e3 b6 5. Nb5 d6 6. c3 Qd7 7. Nf3 cxd4 8. cxd4 a6 9. Nc3 Bg7 10. Qb3 Qd8 11. Ng5 e6 12. Nce4 Nxe4 13. Nxe4 Bf8 14. d5 e5 15. Bg5 Be7 16. Bxe7 Kxe7 17. Be2 Nd7 18. Qc2 Bb7 19. Nc3 Rc8 20. e4 Kf6 21. Qd3 Kg7 22. h4 h6 23. Bg4 Rc7 24. Bxd7 Qxd7 25. Qe3 Rc5 26. a3 b5 27. 0-0 Qg4 28. g3 g5 29. Qe2 Qxe2 30. Nxe2 Rc2 31. Nc3 Rxb2 32. Rfc1 Rc8 33. Kf1 Rc4 34. hxg5 hxg5 35. f3 Rb3 36. Ne2 Rxf3+ 37. Kg2 Re3 38. Kf2 Rexe4 39. Rd1 Rc2 40. Re1 Bxd5 41. Rad1 Bc4 42. Rxd6 Rcxe2+ 43. Rxe2 Rxe2+ 44. Kf3 f5 45. g4 f4 46. Rd7+ Kf6 47. Rd6+ Ke7 0-1

[Event "GER-ch U18 Girls"]
[Site "Willingen"]
[Date "2019.06.14"]
[Round "8"]
[White "Kuemmel, Tina"]
[Black "Kadach, Maria"]
[Result "1/2-1/2"]
[WhiteElo "1446"]
[BlackElo "1460"]
[PlyCount "72"]
[EventDate "2019.06.08"]
[EventType "swiss"]
[EventRounds "9"]
[EventCountry "GER"]
[SourceTitle "CBM 191 Extra"]
[Source "ChessBase"]
[SourceDate "2019.09.30"]
[SourceVersion "1"]
[SourceVersionDate "2019.09.30"]
[SourceQuality "1"]

1. Nf3 Nf6 2. g3 g6 3. Bg2 Bg7 4. 0-0 d5 5. d4 0-0 6. c4 c6 7. b3 Nbd7 8. Bb2 Re8 9. Nc3 e6 10. Re1 Ne4 11. Qc2 f5 12. Rad1 b6 13. Nd2 Ba6 14. e3 Qc7 15. cxd5 cxd5 16. f3 Nxc3 17. Bxc3 Rac8 18. Rc1 Red8 19. Qb2 Qd6 20. e4 fxe4 21. fxe4 Rf8 22. e5 Qb8 23. Bh3 Rfe8 24. Nf3 Bh6 25. Bd2 Bxd2 26. Qxd2 Re7 27. Ng5 Rce8 28. Qf4 Nf8 29. Rc6 Qb7 30. Rec1 h6 31. Nf3 Rh7 32. Rd6 Qf7 33. Qe3 g5 34. Rc2 Rg7 35. Rf2 Qg6 36. Nh4 g4 1/2-1/2

[Event "GER-ch U18 Girls"]
[Site "Willingen"]
[Date "2019.06.13"]
[Round "7"]
[White "Kadach, Maria"]
[Black "Gesell, Patricia"]
[Result "1-0"]
[WhiteElo "1460"]
[BlackElo "1046"]
[PlyCount "89"]
[EventDate "2019.06.08"]
[EventType "swiss"]
[EventRounds "9"]
[EventCountry "GER"]
[SourceTitle "CBM 191 Extra"]
[Source "ChessBase"]
[SourceDate "2019.09.30"]
[SourceVersion "1"]
[SourceVersionDate "2019.09.30"]
[SourceQuality "1"]

1. d4 d5 2. Bf4 Bf5 3. e3 Nf6 4. Nd2 e6 5. c3 c5 6. Ngf3 c4 7. Be2 Bd6 8. Bg3 Bxg3 9. hxg3 h6 10. Ne5 Nbd7 11. f4 Qc7 12. g4 Bg6 13. Nxg6 fxg6 14. g5 Ng8 15. Nf3 Ne7 16. g4 0-0-0 17. Kd2 h5 18. Nh4 hxg4 19. Bxg4 Qd6 20. Qc2 Rde8 21. Nxg6 Rxh1 22. Rxh1 Nf5 23. Bxf5 exf5 24. Qxf5 Qe6 25. Qxe6 Rxe6 26. Ne5 Nxe5 27. dxe5 Kd7 28. Rh7 Re7 29. Ke2 Ke6 30. Kf3 Kf5 31. Rh2 b5 32. Rd2 Rd7 33. Rd4 a5 34. Kg3 Ke6 35. e4 dxe4 36. Rxd7 Kxd7 37. Kf2 Ke6 38. Ke3 Kd5 39. g6 b4 40. a4 Ke6 41. Kxe4 b3 42. f5+ Ke7 43. Kd5 Kf8 44. e6 Ke7 45. Kxc4 1-0

[Event "GER-ch U18 Girls"]
[Site "Willingen"]
[Date "2019.06.12"]
[Round "5"]
[White "Kadach, Maria"]
[Black "Tampe, Friederike"]
[Result "0-1"]
[WhiteElo "1460"]
[BlackElo "1512"]
[PlyCount "147"]
[EventDate "2019.06.08"]
[EventType "swiss"]
[EventRounds "9"]
[EventCountry "GER"]
[SourceTitle "CBM 191 Extra"]
[Source "ChessBase"]
[SourceDate "2019.09.30"]
[SourceVersion "1"]
[SourceVersionDate "2019.09.30"]
[SourceQuality "1"]

1. d4 d5 2. Nf3 Nf6 3. Bf4 e6 4. e3 Bd6 5. Bg3 0-0 6. Nbd2 c5 7. c3 Nc6 8. Bd3 b6 9. Qb1 Bb7 10. 0-0 Re8 11. Ne5 Ne7 12. f4 g6 13. Be2 Nf5 14. Bf2 Be7 15. g4 Nd6 16. g5 Nfe4 17. Nxe4 Nxe4 18. Qe1 c4 19. h4 b5 20. h5 Bf8 21. hxg6 hxg6 22. Bh4 Bg7 23. Ng4 Kf8 24. Kg2 Ke7 25. Bf3 Nd6 26. Rh1 Rh8 27. Nf6 Qb6 28. Rh2 a5 29. Qe2 b4 30. Rah1 bxc3 31. bxc3 Bc6 32. Bg3 Rxh2+ 33. Rxh2 Bxf6 34. gxf6+ Kxf6 35. Bh4+ Kg7 36. Qf2 Nf5 37. Qg1 Nxh4+ 38. Rxh4 Rh8 39. Rxh8 Kxh8 40. Qc1 Kg7 41. Kg3 Qb8 42. Kg2 a4 43. Bd1 Kf6 44. a3 Kg7 45. Bc2 f6 46. Qb1 Qd6 47. Qb4 Qxb4 48. cxb4 Bb5 49. Kg3 Kf7 50. Kg4 Bd7 51. Kh4 e5 52. fxe5 fxe5 53. Kg5 e4 54. Bd1 Be8 55. Bc2 Ke6 56. Bd1 Kd6 57. Bc2 Kc7 58. Bd1 Kb6 59. Kf6 c3 60. Kg5 c2 61. Bxc2 Kb5 62. Bb1 Kc4 63. Ba2+ Kd3 64. Kf4 g5+ 65. Kxg5 Kxe3 66. Bxd5 Kxd4 67. Be6 e3 68. Bg4 Bb5 69. Kf4 e2 70. Bxe2 Bxe2 71. Kg3 Kc3 72. Kf2 Bb5 73. Ke1 Kb2 74. Kd2 0-1

[Event "GER-ch U18 Girls"]
[Site "Willingen"]
[Date "2019.06.10"]
[Round "3"]
[White "Kadach, Maria"]
[Black "Moeller, Lisa Marie"]
[Result "0-1"]
[WhiteElo "1460"]
[BlackElo "1900"]
[PlyCount "112"]
[EventDate "2019.06.08"]
[EventType "swiss"]
[EventRounds "9"]
[EventCountry "GER"]
[SourceTitle "CBM 191 Extra"]
[Source "ChessBase"]
[SourceDate "2019.09.30"]
[SourceVersion "1"]
[SourceVersionDate "2019.09.30"]
[SourceQuality "1"]

1. d4 c5 2. d5 Nf6 3. Nc3 d6 4. e4 g6 5. Nf3 Bg4 6. Be2 Bxf3 7. Bxf3 Bg7 8. 0-0 Nbd7 9. Bf4 0-0 10. Re1 Ne8 11. Qd2 Nc7 12. a4 a6 13. a5 Re8 14. h3 Rb8 15. Ra2 b5 16. axb6 Rxb6 17. Na4 Rb4 18. b3 Qb8 19. Qc1 c4 20. bxc4 Rxc4 21. Nb2 Rb4 22. c3 Rb3 23. Bd2 Nc5 24. Qc2 Nb5 25. Na4 Na3 26. Rxa3 Rxa3 27. Nxc5 dxc5 28. Rb1 Qc7 29. Qb2 Ra5 30. Be2 c4 31. Qc2 Rb5 32. Ra1 a5 33. Qa4 Reb8 34. Bxc4 Rb1+ 35. Bf1 Rxa1 36. Qxa1 Rc8 37. Qa3 Bxc3 38. Bxc3 Qxc3 39. Qxe7 Qc7 40. Qxc7 Rxc7 41. d6 Rc1 42. f4 Kf8 43. Kf2 Rxf1+ 44. Kxf1 a4 45. e5 a3 46. Kf2 a2 47. Kg3 a1Q 48. Kh2 Qc1 49. Kg3 Qe3+ 50. Kg4 h5+ 51. Kg5 Qg3+ 52. Kh6 Qxf4+ 53. Kh7 Qxe5 54. Kh6 Qxd6 55. Kh7 g5 56. g4 Qg6+ 0-1